|
|
|
|
| LEADER |
00000cam a2200000 i 4500 |
| 003 |
Ucuenca |
| 005 |
20231024063000.0 |
| 006 |
a||||fr|||| 001 | |
| 007 |
ta |
| 008 |
971032s1970 sp aaaafr |||1|||spa a |
| 040 |
|
|
|b spa
|a UCuenca-cdrjbv
|c UCuenca
|e rda
|
| 041 |
0 |
|
|a spa
|
| 082 |
0 |
|
|2 21
|a 616.21
|c 13953
|
| 245 |
0 |
0 |
|a Manual de otorrinolaringología /
|c Michel Portmann.
|
| 250 |
|
|
|a Primera edición.
|
| 264 |
|
1 |
|a Barcelona:
|b Editorial Toray-Masson,
|c 1970.
|
| 300 |
|
|
|a xi, 391 páginas:
|b fot
|c 25 cm
|
| 336 |
|
|
|2 rdacontent
|a texto
|b txt
|
| 337 |
|
|
|2 rdamedia
|a no mediado
|b n
|
| 338 |
|
|
|2 rdacarrier
|a volumen
|b nc
|
| 504 |
|
|
|a incl. bib.
|
| 650 |
1 |
7 |
|a Enfermedades
|9 14736
|
| 650 |
2 |
7 |
|a Medicina
|2 UCuenca-cdrjbv
|x otorrinolaringología
|9 260355
|
| 650 |
2 |
7 |
|2 UCuenca-cdrjbv
|a Salud
|x diagnóstico
|9 257493
|
| 852 |
|
|
|a UC-SALUD
|f Donación
|l 1
|m General
|p 19710323
|q S/. 120
|t 13953
|b 0
|d CDRS
|e CDRS
|g 616.21
|z 1971-10-32
|
| 942 |
|
|
|c BK
|2 ddc
|r margoth.maza@ucuenca.edu.ec
|
| 999 |
|
|
|c 51302
|d 51302
|